Výročná správa o činnosti Ekonomickej univerzity v Bratislave za rok 2021

Na minha lista:
Detalhes bibliográficos
Autor Corporativo: Ekonomická univerzita v Bratislave
Formato: Livro
Idioma:eslovaco
Publicado em: Bratislava [Vydavateľstvo EKONÓM] 2022
Assuntos:
Tags: Adicionar Tag
Sem tags, seja o primeiro a adicionar uma tag!

MARC

LEADER 00000nam a2200000 4500
001 0287179
005 20240108124424.6
041 0 |a slo 
044 |a SK 
245 1 0 |a Výročná správa o činnosti Ekonomickej univerzity v Bratislave za rok 2021 
264 1 |a Bratislava  |b [Vydavateľstvo EKONÓM]  |c 2022 
300 |a [123+39] s. 
610 2 0 |a univerzity 
610 2 0 |a školy vysoké 
610 2 0 |a vzdelávanie vysokoškolské 
610 2 0 |a vzdelanie ekonomické 
610 2 0 |a vzdelávanie ďalšie 
610 2 0 |a výskum 
610 2 0 |a zamestnanci 
610 2 0 |a študenti 
610 2 0 |a aktivita pracovná 
610 2 0 |a aktivita spoločenská 
610 2 0 |a koronakríza 
610 2 0 |a spolupráca medzinárodná 
710 2 |a Ekonomická univerzita v Bratislave